| 000 | 00998nam a2200217Ia 4500 | ||
|---|---|---|---|
| 003 | Ost | ||
| 005 | 20260507074853.0 | ||
| 008 | 260507s9999||||xx |||||||||||||| ||und|| | ||
| 040 | _cfsecg | ||
| 041 | _aara | ||
| 082 | _a341.75 | ||
| 100 |
_aدعد، دلال رفيق _eمؤلف |
||
| 245 | 0 |
_aإقتصاديات الوطن العربي ودور مدخل الإنتاج / _c دلال رفيق دعد |
|
| 260 |
_aعمان: _bمكتبة المجتمع العربي للنشر و التوزيع, _c2006 |
||
| 300 |
_a297 صفحة؛ _bإيضاحات ؛ _c24 سم |
||
| 504 | _aبيبليوغرافيا: ص.277 | ||
| 520 | _aيضم دور مدخل التكامل الاقتصادي العربي، محددات مدخل الانتاج، دور وأهمية مدخل الانتاج في تحقيق التكامل الاقتصادي العربي، النتائج والتوصيات | ||
| 653 | _aالاقتصاد | ||
| 653 | _aالبلدان العربية- الإقتصاد | ||
| 942 | _cكتاب | ||
| 999 |
_c41594 _d41594 |
||